000
00318nam a2200133Ia 4500
008
180730s9999||||xx |||||||||||||| ||und||
020
_a
9780823002290
082
_a
791.433
_b
WHI/T
100
_a
White, Tony
245
4
_a
The Animator's Workbook
260
_a
New yark
_b
W.G. Pub.
_c
1988
300
_a
160p
942
_a
BK
999
_c
2231
_d
2231